POPULARNE GRY Z DZIECIŃSTWA - Statystyki

Ogólne statystyki
  • Ten quiz został rozwiązany 81 razy
  • Średni wynik to 4 z 8
Statystyki odpowiedzi
Odpowiedzi % Poprawnych
Chińczy
86%
Monopoly
72%
Warcaby
72%
Szachy
68%
Scrabble
34%
Statki
18%
Pchełki
8%
Kółko - Krzyżyk
5%
Nie znaleziono quizów pasujących do podanych kryteriów
Rozkład punktacji
Procent ludzi z każdym wynikiem
Percentyl według liczby udzielonych odpowiedzi
Twoja historia wyników
Nie rozwiązałeś tego quizu